| 000 | 00388nam a2200133Ia 4500 | ||
|---|---|---|---|
| 008 | 230917s9999||||xx |||||||||||||| ||und|| | ||
| 040 |
_e96122 _aMAIN |
||
| 041 | _aEnglish | ||
| 082 | _a370 S23C | ||
| 100 | _aSharma, Meenakshi | ||
| 245 | 0 | _aComparative study of altruism, security-insecurity of high and low creative secondary school students of Rewari | |
| 300 | _a44 p. | ||
| 942 | _cTH | ||
| 999 |
_c88036 _d88036 |
||